| 000 | 00839pab a2200157 454500 | ||
|---|---|---|---|
| 008 | 180718b2005 xxu||||| |||| 00| 0 eng d | ||
| 100 | _aPinto, Rochelle | ||
| 245 | _aA time to publish: pamphlets and politics in colonial Goa | ||
| 260 | _c2005 | ||
| 300 | _ap.877-85. | ||
| 362 | _a26 Feb | ||
| 520 | _aThis article discusses two sets of pamphlets that appeared towards the end of the 19th century in colonial Goa, in an attempt to show how precedents and norms established by European print were not exactly reproduced in the colony. The function of print and the genre of pamphlets, in particular, were altered by class difference, caste hierarchies and the context in which rural and urban politics functioned in Goa. - Reproduced. | ||
| 650 | _aPolitics and government | ||
| 773 | _aEconomic and Political Weekly | ||
| 909 | _a64453 | ||
| 999 |
_c64453 _d64453 |
||